000 00335nam a2200133Ia 4500
005 20260328101531.0
008 260328s9999||||xx |||||||||||||| ||und||
100 _aBurns, John A.
245 0 _aRecording Historic Structures /
_cJohn A. Burns
260 _bAIA Press
300 _a246 p.
650 _aARQUITECTURA INTERIOR
942 _cBK
999 _c9978
_d9978